000 00659nam a2200217Ia 4500
003 IN-BaIIA
008 211028s9999 xx 000 0 eng d
020 _a3-540-44355-X
040 _cIIA Library
080 _a524.885(082.2)
_bGRA
245 0 _aGravitational lensing
_ban astrophysical tool
_cedited by F. Courbin and D. Minniti
260 _aBerlin
_bSpringer-Verlag
_c2002
300 _ax, 191p.
490 _aLecture notes in physics; v. 608
650 _aGravitational lensing
_920376
650 _aQuasar lensing
_927223
650 _aWeak lensing
_927224
700 _aCourbin, F., ed.
_927225
700 _aMinniti, D., ed.
_921478
942 _cBK
999 _c15010
_d15010